| 000 | 00363pab a2200157 454500 | ||
|---|---|---|---|
| 008 | 180718b2009 xxu||||| |||| 00| 0 eng d | ||
| 100 | _aVerma, Yoginder | ||
| 245 | _aWomen education at tertiary level | ||
| 260 | _c2009 | ||
| 300 | _ap.16-17. | ||
| 362 | _a25 May | ||
| 650 | _aWomens education | ||
| 773 | _aUniversity News | ||
| 908 | _aN | ||
| 909 | _a82491 | ||
| 999 |
_c82491 _d82491 |
||